Seis contos de Eça de Queirós (Registo nº 35794)

Detalhes MARC
000 -Etiqueta do registo
Valores 00862nam a2200301 4500
010 ## - Número ISBN
ISBN 9789727102556
010 ## - Número ISBN
ISBN 9727102557
021 ## - Número do Depósito Legal
Código do país Portugal
100 ## - Dados gerais de processamento
Dados gerais 20230706 pory50
101 0# - Língua de publicação
Língua Português
102 ## - País de publicação
País Portugal
200 1# - Titulo e menção de responsabilidade
Título próprio Seis contos de Eça de Queirós
Primeira menção de responsabilidade recontados Luísa Ducla Soares
Outras menções de responsabilidade il. Nuno Fonseca
-- rev. Filipe Rodrigues
205 ## - Menção da edição
Edição 5.ª ed
210 #9 - Publicação
Local de publicação Lisboa
Nome do editor Terramar,
Data de publicação 2008
215 ## - Descrição física 
Paginação / Volumes 79, [4] p.
Outras indicações físicas il.
Dimensões 18 cm
225 2# - Colecção 
Título próprio da colecção Contar-recontar
Indicação de volume 4
675 ## - CDU
Notação 087.5
Edição BN
Língua por
675 ## - CDU
Notação 821.134.3-93"19/20"
Edição BN
Língua por
675 ## - CDU
Notação 821.134.3-34"19/20"
Edição BN
Língua por
700 #1 - Autor principal
Apelido Soares,
Nome Luísa Ducla,
Datas 1939-
ID Autoridade 2431
702 #1 - Autor secundário
Apelido Fonseca,
Nome Nuno
Função Ilustrador
702 #1 - Autor secundário
Apelido Rodrigues,
Nome Filipe
702 #1 - Autor secundário
Apelido Queirós,
Nome E—ca de,
Datas 1845-1900
Função Antecedente Bibliográfico
801 #0 - Fonte de origem
País PT
Agência BN
Regras de catalogação RPC
090 ## - Tipo de documento
Koha biblioitem number (autogenerated) 35794
990 ## - Elementos KOHA
Tipo de documento Livro
994 ## - Estado da catalogação
Situação Completo
Exemplares
Situação do levantamento Situação do extravio Biblioteca de origem Biblioteca de empréstimo Código de barras Cota Permissão de empréstimo Tipo de documento Forma de aquisição
  Completo Biblioteca da Escola Básica e Secundária Dr Isidoro de Sousa Biblioteca da Escola Básica e Secundária Dr Isidoro de Sousa 8312 087.5 SOA Disponível Livro  




Powered by Koha